000 00306nam a22001337a 4500
008 171023b xxu||||| |||| 00| 0 eng d
020 _a9780256074109
041 _aeng
080 _a338
100 _a54
101 _aMO
245 _aINTERNATIONAL OPERATIONS MANAGEMENT
_cWHYBARK, D.C
942 _2udc
_cBK
999 _c35476
_d35476